[Event "ch-RUS Blitz 2017"]
[Site "Sochi RUS"]
[Date "2017.10.02"]
[Round "11.3"]
[White "Pridorozhni, Aleksei"]
[Black "Tsydypov, Zhamsaran"]
[Result "1-0"]
[WhiteTitle "GM"]
[BlackTitle "IM"]
[WhiteElo "2565"]
[BlackElo "2529"]
[WhiteFideId "4127870"]
[BlackFideId "4108566"]
[EventDate "2017.10.02"]
[EventType "blitz"]

1. e4 e5 2. Nf3 Nc6 3. Bb5 a6 4. Bxc6 dxc6 5. O-O f6 6. d4 exd4 7. Nxd4 c5 8.
Nb3 Qxd1 9. Rxd1 Bd6 10. a4 Be6 11. a5 O-O-O 12. Nc3 c4 13. Nd4 Bd7 14. Be3 Ne7
15. Nde2 Rhe8 16. Bf4 Bc5 17. Kf1 g5 18. Bg3 f5 19. f3 h6 20. Bf2 Bd6 21. Rxd6
cxd6 22. Bb6 fxe4 23. Nxe4 Bf5 24. Bxd8 Rxd8 25. Nd4 Bxe4 26. fxe4 Rf8+ 27. Ke2
Rf4 28. c3 Rxe4+ 29. Kd2 d5 30. g3 Ng6 31. Rf1 Ne5 32. Rf8+ Kd7 33. Rh8 Nd3 34.
Rxh6 Re7 35. h4 gxh4 36. gxh4 Rf7 37. h5 Nf4 38. Rh8 Kc7 39. h6 Rf6 40. h7 Rf7
41. b4 cxb3 42. Nxb3 Nh5 43. Nc5 Nf6 44. Ne6+ 1-0

[Event "ch-RUS Blitz 2017"]
[Site "Sochi RUS"]
[Date "2017.10.02"]
[Round "11.4"]
[White "Tomashevsky, Evgeny"]
[Black "Grachev, Boris"]
[Result "1/2-1/2"]
[WhiteTitle "GM"]
[BlackTitle "GM"]
[WhiteElo "2710"]
[BlackElo "2654"]
[WhiteFideId "4147235"]
[BlackFideId "4129199"]
[EventDate "2017.10.02"]
[EventType "blitz"]

1. Nf3 d5 2. g3 Bg4 3. Bg2 c6 4. c4 e6 5. cxd5 Bxf3 6. Bxf3 cxd5 7. O-O Nf6 8.
d4 Nc6 9. Nc3 Be7 10. e3 O-O 11. Bd2 Rc8 12. Rc1 Qd7 13. Qe2 Rc7 14. Nb5 Rcc8
15. Rfd1 Ne8 16. Be1 Nd6 17. Nxd6 Bxd6 18. Qb5 Ne5 19. Qxd7 Nxd7 20. Be2 f5 21.
Ba5 Nf6 22. f3 Kf7 23. Kg2 g5 24. g4 fxg4 25. fxg4 Ne4 26. Be1 Ke7 27. h4 h6 28.
h5 a6 29. Bf3 Kd7 30. Ba5 Rxc1 31. Rxc1 Rc8 32. Rxc8 Kxc8 33. Kf1 Kd7 34. Ke2
Bc7 35. Be1 Bd6 36. Kd3 Nf6 37. Bc3 Bc7 38. Bb4 Bd6 39. Bc3 Bc7 40. Bb4 Bd6 1/2-1/2

[Event "ch-RUS Blitz 2017"]
[Site "Sochi RUS"]
[Date "2017.10.02"]
[Round "11.5"]
[White "Morozevich, Alexander"]
[Black "Jakovenko, Dmitry"]
[Result "0-1"]
[WhiteTitle "GM"]
[BlackTitle "GM"]
[WhiteElo "2676"]
[BlackElo "2710"]
[WhiteFideId "4116992"]
[BlackFideId "4122356"]
[EventDate "2017.10.02"]
[EventType "blitz"]

1. e4 e5 2. Nf3 Nc6 3. d4 exd4 4. Nxd4 Nf6 5. Nxc6 bxc6 6. e5 Qe7 7. Qe2 Nd5 8.
h4 a5 9. c4 Ba6 10. Nd2 Nb4 11. Nf3 c5 12. b3 Bb7 13. Bb2 a4 14. a3 Nc6 15. Qe3
axb3 16. Bd3 Qe6 17. O-O Be7 18. Ng5 Qg4 19. Be4 Qxh4 20. f4 Rb8 21. Nf3 Qg3 22.
Rad1 Nd4 23. Bxb7 Rxb7 24. Qe4 c6 25. f5 O-O 26. Rd3 d5 27. cxd5 cxd5 28. Qxd5 0-1

[Event "ch-RUS Blitz 2017"]
[Site "Sochi RUS"]
[Date "2017.10.02"]
[Round "11.6"]
[White "Sjugirov, Sanan"]
[Black "Alekseenko, Kirill"]
[Result "1-0"]
[WhiteTitle "GM"]
[BlackTitle "GM"]
[WhiteElo "2650"]
[BlackElo "2563"]
[WhiteFideId "4189302"]
[BlackFideId "4135539"]
[EventDate "2017.10.02"]
[EventType "blitz"]

1. d4 d5 2. Nf3 Nf6 3. Bg5 c5 4. e3 Nc6 5. Nbd2 e6 6. c3 Be7 7. Bd3 O-O 8. Qe2
Rb8 9. Ne5 Nxe5 10. dxe5 Nd7 11. Bf4 c4 12. Bc2 b5 13. a3 Re8 14. h4 a5 15. Qh5
Nf8 16. Nf3 b4 17. axb4 axb4 18. O-O bxc3 19. bxc3 Rb2 20. Rfc1 Ng6 21. Bg3 Bd7
22. Qg4 Qb6 23. h5 Nf8 24. h6 g6 25. Bh4 Qd8 26. Bxe7 Qxe7 27. Qf4 Reb8 28. Ra7
R8b7 29. Rxb7 Rxb7 30. Ra1 Rb2 31. Bd1 Bc6 32. Nd4 Bb7 33. Ba4 g5 34. Qg3 Ng6
35. Bc2 Kh8 36. Bxg6 hxg6 37. Nf3 Rc2 38. Nxg5 Rxc3 39. Qf4 Kg8 40. h7+ Kg7 41.
Ra7 Rb3 42. Qh4 Kh8 43. Qf4 Kg7 44. Nxf7 Kxh7 45. Qh6+ Kg8 46. Qxg6+ Kf8 47. Ng5
Qe8 48. Nxe6+ Ke7 49. Qf6+ Kd7 50. Nc5+ Kc8 51. Ra1 Rb5 52. Nxb7 Rxb7 53. Ra8+
Rb8 54. Qa6+ Kc7 55. Qd6+ Kb7 56. Rxb8+ Qxb8 57. Qxd5+ 1-0

[Event "ch-RUS Blitz 2017"]
[Site "Sochi RUS"]
[Date "2017.10.02"]
[Round "11.7"]
[White "Alekseev, Evgeny"]
[Black "Potkin, Vladimir"]
[Result "0-1"]
[WhiteTitle "GM"]
[BlackTitle "GM"]
[WhiteElo "2622"]
[BlackElo "2574"]
[WhiteFideId "4138147"]
[BlackFideId "4131061"]
[EventDate "2017.10.02"]
[EventType "blitz"]

1. d4 Nf6 2. Bf4 c5 3. d5 d6 4. Nc3 a6 5. a4 e5 6. Bc1 Bf5 7. g3 Nbd7 8. Bg2 e4
9. f3 Qe7 10. Ra3 exf3 11. Nxf3 g6 12. O-O Bg7 13. h3 O-O 14. g4 Be4 15. Bf4
Rfe8 16. Kh1 c4 17. Bh2 Nc5 18. Qd2 h5 19. g5 Nfd7 20. Raa1 Rab8 21. Rae1 Ne5
22. Nxe5 Bxg2+ 23. Kxg2 Bxe5 24. e4 b5 25. axb5 axb5 26. Bxe5 Qxe5 27. Qf4 Qxf4
28. Rxf4 b4 29. Nd1 Re5 30. h4 Ra8 31. Ne3 c3 32. bxc3 bxc3 33. Nc4 Re7 34. Nxd6
Ra2 35. Re2 Nd3 36. Rf1 Ne5 37. Nb5 Rb2 38. Nxc3 Rc7 39. Nd1 Rbxc2 40. Rxc2
Rxc2+ 41. Rf2 Rc4 42. Re2 Kf8 43. Nf2 Ke7 44. Nh3 Rc3 45. Nf2 Kd6 46. Ra2 Nf3
47. Ra6+ Ke5 48. Ra7 Nxh4+ 49. Kf1 Nf3 50. Rxf7 Nxg5 51. Re7+ Kf6 52. d6 Nf7 53.
Re8 Nxd6 54. e5+ Kf7 55. Rd8 Nc4 56. Ne4 Rc1+ 57. Ke2 Nxe5 58. Rd6 Rc4 59. Ng5+
Kg7 60. Re6 Ng4 61. Rb6 Ra4 62. Kf3 Ne5+ 63. Kf2 Rf4+ 64. Ke2 Rf5 65. Ne4 h4 66.
Rb7+ Kh6 67. Rb8 Nf7 68. Rb4 Ng5 69. Nd6 Re5+ 70. Kf2 Kh5 71. Rb3 Re6 72. Nc4
Rf6+ 73. Kg2 Rf4 74. Ne3 Rf3 75. Ra3 Rg3+ 76. Kh2 Nf3+ 0-1

[Event "ch-RUS Blitz 2017"]
[Site "Sochi RUS"]
[Date "2017.10.02"]
[Round "11.8"]
[White "Usmanov, Vasily"]
[Black "Zvjaginsev, Vadim"]
[Result "0-1"]
[WhiteTitle "IM"]
[BlackTitle "GM"]
[WhiteElo "2459"]
[BlackElo "2643"]
[WhiteFideId "4135741"]
[BlackFideId "4113403"]
[EventDate "2017.10.02"]
[EventType "blitz"]

1. d4 d6 2. c4 e5 3. Nc3 Nf6 4. Nf3 Nc6 5. h3 Be7 6. d5 Nb8 7. e4 O-O 8. Bd3 a5
9. Be3 Na6 10. a3 Bd7 11. b3 c6 12. O-O Qb8 13. Rb1 cxd5 14. cxd5 b5 15. b4 axb4
16. axb4 Bd8 17. Qe2 Bb6 18. Bxb5 Bxe3 19. Bxa6 Bd4 20. Rfc1 Bxc3 21. Rxc3 Nxe4
22. Qxe4 Rxa6 23. Ng5 f5 24. Qh4 h6 25. Ne6 Rf7 26. b5 Rb6 27. Qd8+ Qxd8 28.
Nxd8 Rf8 29. Nc6 Ra8 30. Rb2 Kf7 31. Kf1 Kf6 32. Ke2 g5 33. f3 h5 34. Kd3 Ra4
35. Rc4 Ra1 36. Kc3 Rd1 37. Rd2 Rxd2 38. Kxd2 Rxb5 39. Nb4 f4 40. Kc3 g4 41.
hxg4 hxg4 42. Rc7 Ke7 43. fxg4 Kd8 44. Ra7 Rc5+ 45. Kd3 Bxg4 46. Nc6+ Ke8 47.
Ra8+ Kf7 48. Ra7+ Kf6 0-1

[Event "ch-RUS Blitz 2017"]
[Site "Sochi RUS"]
[Date "2017.10.02"]
[Round "11.9"]
[White "Demidov, Mikhail"]
[Black "Fedoseev, Vladimir3"]
[Result "1/2-1/2"]
[WhiteTitle "IM"]
[BlackTitle "GM"]
[WhiteElo "2521"]
[BlackElo "2731"]
[WhiteFideId "4197143"]
[BlackFideId "24130737"]
[EventDate "2017.10.02"]
[EventType "blitz"]

1. d4 e6 2. e4 d5 3. exd5 exd5 4. Nf3 Nf6 5. Bd3 Be7 6. O-O O-O 7. Re1 Bg4 8. c3
Nbd7 9. Bg5 Re8 10. Nbd2 c6 11. Qc2 Bh5 12. Ne5 h6 13. Bf4 Nxe5 14. Rxe5 Bd6 15.
Rxe8+ Nxe8 16. Bxd6 Nxd6 17. Re1 Bg4 18. h3 Be6 19. Nf3 Qf6 20. Qe2 Re8 21. Qe5
Qd8 22. Qf4 Ne4 23. Bxe4 dxe4 24. Rxe4 Bxa2 25. Rxe8+ Qxe8 26. Qc7 Qa8 27. Ne5
Be6 28. f4 Qc8 29. Qe7 f6 30. Nd3 Bc4 31. Nc5 b6 32. Nd7 Bf7 33. g4 Qe8 34.
Qxe8+ Bxe8 35. Nb8 Kf7 36. Na6 Ke6 37. Kf2 Kd6 38. Ke3 Bd7 39. b3 Bc8 40. Nb4 a5
41. Nd3 Be6 42. c4 b5 43. Nb2 Bf7 44. Kd3 h5 45. Nd1 a4 46. c5+ Ke7 47. bxa4
bxa4 48. Ne3 a3 49. Kc3 hxg4 50. hxg4 g6 51. Nc2 Be6 52. g5 fxg5 53. fxg5 a2 54.
Kb2 Bd5 55. Ne3 Ke6 56. Ka1 Bb3 57. Kb2 Bd5 58. Ka1 Bb3 59. Kb2 1/2-1/2

[Event "ch-RUS Blitz 2017"]
[Site "Sochi RUS"]
[Date "2017.10.02"]
[Round "11.10"]
[White "Dzhumagaliev, Yan"]
[Black "Bocharov, Dmitry"]
[Result "1/2-1/2"]
[WhiteTitle "FM"]
[BlackTitle "GM"]
[WhiteElo "2400"]
[BlackElo "2585"]
[WhiteFideId "24100110"]
[BlackFideId "4138716"]
[EventDate "2017.10.02"]
[EventType "blitz"]

1. d4 Nf6 2. Nf3 e6 3. c4 b6 4. a3 Ba6 5. e3 d5 6. Ne5 dxc4 7. Nc3 Bb7 8. Qa4+
c6 9. Bxc4 Bd6 10. Qc2 O-O 11. O-O Nbd7 12. Nxd7 Qxd7 13. e4 e5 14. dxe5 Bxe5
15. h3 Rad8 16. Bg5 h6 17. Be3 Rfe8 18. Rad1 Qe7 19. f3 c5 20. Rxd8 Rxd8 21. Rd1
Bc8 22. Rxd8+ Qxd8 23. Qd2 Qe7 24. Nd5 Nxd5 25. Bxd5 Be6 26. b3 Qd7 27. Bc4 Qe7
28. f4 Bf6 29. e5 Bh4 30. Qd3 g6 31. Bd2 Qe8 32. Bb5 Qc8 33. Bc4 Be7 34. a4 h5
35. Be3 Kf8 36. Bd2 Bxc4 37. bxc4 Qe6 38. Kf2 Qc6 39. Qc2 Bh4+ 40. Kf1 Qd7 41.
Be3 Be7 42. Ke2 Ke8 43. Qb3 Qb7 44. Kf2 Qe4 45. g3 h4 46. g4 Qh1 47. Bd2 Qh2+
48. Ke1 Qg1+ 49. Ke2 Qg2+ 50. Kd1 Kf8 51. Qc3 Qe4 52. Qb3 g5 53. fxg5 Qxe5 54.
Qd3 Bxg5 55. Bxg5 Qxg5 56. Kc2 Qf6 57. Kb3 Kg7 58. Qe3 Qg6 59. Qe5+ Kh7 60. Qe3
Qb1+ 61. Kc3 Qb4+ 1/2-1/2

[Event "ch-RUS Blitz 2017"]
[Site "Sochi RUS"]
[Date "2017.10.02"]
[Round "11.11"]
[White "Potapov, Pavel"]
[Black "Timofeev, Artyom"]
[Result "1/2-1/2"]
[WhiteTitle "GM"]
[BlackTitle "GM"]
[WhiteElo "2479"]
[BlackElo "2549"]
[WhiteFideId "4169786"]
[BlackFideId "4140419"]
[EventDate "2017.10.02"]
[EventType "blitz"]

1. e4 d6 2. d4 Nf6 3. Nc3 g6 4. Nf3 Bg7 5. Be2 O-O 6. O-O c6 7. h3 d5 8. e5 Nfd7
9. Bf4 f6 10. exf6 exf6 11. Re1 Re8 12. Qd2 Nf8 13. Bd3 Be6 14. Bh6 Nbd7 15.
Bxg7 Kxg7 16. Ne2 Bf7 17. c3 Ne6 18. Nf4 Ndf8 19. Nxe6+ Nxe6 20. Re2 Qd6 21.
Rae1 Nf4 22. Rxe8 Rxe8 23. Rxe8 Bxe8 24. Bf1 Bd7 25. Qe3 Kf7 26. Ne1 g5 27. Nd3
Ng6 1/2-1/2

[Event "ch-RUS Blitz 2017"]
[Site "Sochi RUS"]
[Date "2017.10.02"]
[Round "11.12"]
[White "Popov, Ivan RUS"]
[Black "Iljiushenok, Ilia"]
[Result "0-1"]
[WhiteTitle "GM"]
[BlackTitle "IM"]
[WhiteElo "2599"]
[BlackElo "2519"]
[WhiteFideId "4170350"]
[BlackFideId "24105074"]
[EventDate "2017.10.02"]
[EventType "blitz"]

1. e4 e5 2. Nf3 Nc6 3. Bc4 Nf6 4. d3 Bc5 5. O-O d6 6. c3 a5 7. Re1 O-O 8. h3 h6
9. Nbd2 Be6 10. Bb5 Na7 11. Ba4 b5 12. Bc2 Nc6 13. Nf1 Re8 14. d4 exd4 15. cxd4
Bb4 16. d5 Bxe1 17. Nxe1 Bxd5 18. exd5 Nb4 19. Ne3 Nfxd5 20. Bb1 c6 21. Nf3 Nxe3
22. Bxe3 Nd5 23. Bd2 Qf6 24. Qc2 Kf8 25. Kh2 Rac8 26. a4 b4 27. Ba2 Nf4 28. Qc4
Ne6 29. Re1 d5 30. Qc2 Nd4 31. Nxd4 Qxd4 32. Be3 Qe5+ 33. g3 Qf6 34. Bc5+ Kg8
35. Bb1 g6 36. Be3 d4 0-1

[Event "ch-RUS Blitz 2017"]
[Site "Sochi RUS"]
[Date "2017.10.02"]
[Round "11.13"]
[White "Selin, Vladimir"]
[Black "Moskalenko, Alexander"]
[Result "0-1"]
[BlackTitle "IM"]
[WhiteElo "2322"]
[BlackElo "2531"]
[WhiteFideId "4168321"]
[BlackFideId "4155351"]
[EventDate "2017.10.02"]
[EventType "blitz"]

1. e4 c6 2. d4 d5 3. f3 e6 4. Nc3 Nf6 5. e5 Nfd7 6. Nce2 c5 7. c3 b5 8. a3 Nc6
9. f4 a5 10. Nf3 g6 11. g4 h5 12. Bh3 hxg4 13. Bxg4 Ba6 14. h4 b4 15. axb4 axb4
16. Be3 bxc3 17. bxc3 Bxe2 18. Kxe2 cxd4 19. cxd4 Be7 20. h5 gxh5 21. Bxh5 Kf8
22. Kf2 Nb6 23. Rxa8 Qxa8 24. Ng5 Qa2+ 25. Kg3 Qa3 26. Qf3 Nc4 27. Re1 Bxg5 28.
fxg5 Rxh5 29. Qxh5 Nxe3 30. Qh8+ Ke7 31. Qf6+ Ke8 32. Qf3 Nxd4 0-1

[Event "ch-RUS Blitz 2017"]
[Site "Sochi RUS"]
[Date "2017.10.02"]
[Round "11.14"]
[White "Dubov, Daniil"]
[Black "Kozak, Alexander"]
[Result "1-0"]
[WhiteTitle "GM"]
[BlackTitle "FM"]
[WhiteElo "2666"]
[BlackElo "2315"]
[WhiteFideId "24126055"]
[BlackFideId "4135881"]
[EventDate "2017.10.02"]
[EventType "blitz"]

1. d4 d5 2. c4 e6 3. Nf3 f5 4. g3 Nf6 5. Bg2 c6 6. O-O Bd6 7. Nbd2 Nbd7 8. b3
Ne4 9. Bb2 Qf6 10. Qc1 O-O 11. Rd1 f4 12. Ba3 Bxa3 13. Qxa3 fxg3 14. hxg3 g5 15.
Rf1 g4 16. Nxe4 dxe4 17. Nd2 Qxd4 18. Nxe4 Nf6 19. Rad1 Qe5 20. Nd6 Qxe2 21.
Rfe1 Qc2 22. Qc5 Bd7 23. Ne4 Rad8 24. Qg5+ Kh8 25. Nxf6 1-0

[Event "ch-RUS Blitz 2017"]
[Site "Sochi RUS"]
[Date "2017.10.02"]
[Round "11.15"]
[White "Antonenko, Vladimir"]
[Black "Korotylev, Alexey"]
[Result "0-1"]
[WhiteTitle "FM"]
[BlackTitle "GM"]
[WhiteElo "2330"]
[BlackElo "2573"]
[WhiteFideId "24159409"]
[BlackFideId "4119142"]
[EventDate "2017.10.02"]
[EventType "blitz"]

1. d4 Nf6 2. c4 e6 3. Nf3 b6 4. g3 Bb7 5. Bg2 Be7 6. O-O O-O 7. d5 exd5 8. Nh4
c6 9. cxd5 Nxd5 10. Nf5 Nc7 11. e4 d5 12. Nc3 Bf6 13. exd5 cxd5 14. Re1 Nba6 15.
Bf4 Qd7 16. Qg4 Kh8 17. Re7 Qd8 18. Rd1 Bc8 19. Re5 Nb4 20. Ne4 Nc6 21. Nxf6
Qxf6 22. Rexd5 Nxd5 23. Rxd5 Be6 24. Rb5 Rac8 25. Bxc6 Rxc6 26. Be5 Bxf5 27. Qf4
Qg6 28. Kg2 Be6 29. h4 f6 30. Bd4 Re8 31. h5 Qf7 32. h6 Bd5+ 33. Kg1 Re1+ 0-1

[Event "ch-RUS Blitz 2017"]
[Site "Sochi RUS"]
[Date "2017.10.02"]
[Round "11.16"]
[White "Rakhmanov, Aleksandr"]
[Black "Triapishko, Alexandr"]
[Result "1-0"]
[WhiteTitle "GM"]
[BlackTitle "IM"]
[WhiteElo "2669"]
[BlackElo "2500"]
[WhiteFideId "4173708"]
[BlackFideId "14122286"]
[EventDate "2017.10.02"]
[EventType "blitz"]

1. c4 e5 2. Nf3 Nc6 3. d4 exd4 4. Nxd4 Nf6 5. Nxc6 bxc6 6. g3 Bb4+ 7. Bd2 Qe7 8.
Bg2 Rb8 9. O-O Bxd2 10. Qxd2 O-O 11. Nc3 c5 12. e4 d6 13. Rfe1 Be6 14. b3 Nd7
15. f4 f6 16. Re3 Rfe8 17. Nb5 Qd8 18. Nxa7 Rb6 19. Nb5 Bf7 20. Rae1 Ra6 21. Nc3
Ra3 22. h4 Qb8 23. Bh3 Qd8 24. Kh2 Ra6 25. Qe2 Qe7 26. Qg4 Be6 27. Qxe6+ Qxe6
28. Bxe6+ Rxe6 29. R1e2 Re8 30. Kg2 Rb8 31. Kf3 Kf7 32. g4 g5 33. hxg5 fxg5 34.
Rh2 Kg7 35. fxg5 Ne5+ 36. Kg3 Rf8 37. Nd5 Kg6 38. Nf4+ Rxf4 39. Kxf4 Ra8 40.
Rh6+ Kg7 41. Reh3 Ng6+ 42. Ke3 Nf8 43. Rh2 Re8 44. Rf2 Ng6 45. Rfh2 Nf8 46. a4
Rb8 47. Rb2 Ng6 48. Kd3 Ne5+ 49. Kc3 Nxg4 50. Rh3 Re8 51. a5 Rxe4 52. a6 Re8 53.
a7 Ra8 54. Ra2 Ne5 55. Ra6 Kg6 56. b4 cxb4+ 57. Kxb4 Nd7 58. Kb5 Ne5 59. Rh1 Kg7
60. c5 dxc5 61. Kxc5 1-0

[Event "ch-RUS Blitz 2017"]
[Site "Sochi RUS"]
[Date "2017.10.02"]
[Round "11.17"]
[White "Derjabin, Ilja"]
[Black "Kobalia, Mikhail"]
[Result "1-0"]
[WhiteTitle "IM"]
[BlackTitle "GM"]
[WhiteElo "2360"]
[BlackElo "2596"]
[WhiteFideId "14104768"]
[BlackFideId "4119150"]
[EventDate "2017.10.02"]
[EventType "blitz"]

1. d4 d5 2. c4 c6 3. Nc3 dxc4 4. Nf3 b5 5. g3 Nf6 6. Bg2 Bb7 7. O-O Nbd7 8. e4
e6 9. e5 Nd5 10. Ne4 h6 11. Re1 Be7 12. g4 Qb6 13. a4 a6 14. g5 O-O-O 15. b3 c3
16. b4 Bxb4 17. Qb3 a5 18. Ba3 Bxa3 19. Rxa3 b4 20. Nd6+ Kb8 21. Raa1 Rhf8 22.
Red1 Ba8 23. Ne1 hxg5 24. Ra2 c5 25. dxc5 Nxc5 26. Qc4 Nd7 27. Nd3 Nxe5 28. Nxe5
Rxd6 29. Qg4 f6 30. Nc4 Qc7 31. Nxd6 Qxd6 32. Re2 Re8 33. Qh5 Rc8 34. Qf7 c2 35.
Rc1 Nf4 36. Rexc2 Rxc2 37. Qe7 1-0

[Event "ch-RUS Blitz 2017"]
[Site "Sochi RUS"]
[Date "2017.10.02"]
[Round "11.18"]
[White "Hasangatin, Ramil"]
[Black "Tsoi, Dmitry"]
[Result "1/2-1/2"]
[WhiteTitle "GM"]
[BlackTitle "FM"]
[WhiteElo "2496"]
[BlackElo "2361"]
[WhiteFideId "4122160"]
[BlackFideId "24194697"]
[EventDate "2017.10.02"]
[EventType "blitz"]

1. e4 c5 2. Nf3 d6 3. d4 Nf6 4. Bb5+ Bd7 5. Bxd7+ Qxd7 6. e5 dxe5 7. dxe5 Qxd1+
8. Kxd1 Ng4 9. Ke2 Nc6 10. Bf4 O-O-O 11. h3 Nh6 12. Na3 Nf5 13. c3 g6 14. g4 Ng7
15. Ng5 Ne6 16. Nxe6 fxe6 17. Bg3 Bg7 18. f4 g5 19. fxg5 Bxe5 20. Bxe5 Nxe5 21.
Rad1 Rxd1 22. Rxd1 Rg8 23. Ke3 Rxg5 24. Kf4 Nf7 25. Nc4 b5 26. Ne3 e5+ 27. Kg3
Nd6 28. h4 Rg7 29. g5 h6 30. Kg4 hxg5 31. h5 Ne4 32. Kf5 Ng3+ 33. Kg4 Ne4 34.
Kf5 Ng3+ 35. Kg4 Ne4 36. Kf5 Ng3+ 1/2-1/2

[Event "ch-RUS Blitz 2017"]
[Site "Sochi RUS"]
[Date "2017.10.02"]
[Round "11.19"]
[White "Rozum, Ivan"]
[Black "Zakaryan, David"]
[Result "1/2-1/2"]
[WhiteTitle "GM"]
[BlackTitle "FM"]
[WhiteElo "2590"]
[BlackElo "2293"]
[WhiteFideId "24104272"]
[BlackFideId "24101923"]
[EventDate "2017.10.02"]
[EventType "blitz"]

1. Nf3 Nf6 2. g3 d5 3. Bg2 c5 4. O-O h6 5. b3 Nc6 6. d4 cxd4 7. Nxd4 Qb6 8. Bb2
Bg4 9. h3 Bh5 10. g4 Bg6 11. e3 e6 12. Nd2 Bc5 13. Ne2 O-O-O 14. a3 h5 15. g5
Ne4 16. Nxe4 Bxe4 17. Bxg7 Bxg2 18. Kxg2 Rhg8 19. Bf6 Be7 20. Bxe7 Nxe7 21. h4
f6 22. Qd4 fxg5 23. Qxb6 gxh4+ 24. Kh3 axb6 25. Rg1 Nf5 26. Nf4 Kd7 27. Nxh5 Ke7
28. Nf4 Rc8 29. Rxg8 Rxg8 30. c4 dxc4 31. bxc4 Nd6 32. Rc1 Ne4 33. Rc2 Ng5+ 34.
Kxh4 Nf3+ 35. Kh5 Kf6 36. Nd3 Rg5+ 37. Kh6 Rg6+ 38. Kh5 Rg5+ 39. Kh6 Rg6+ 40.
Kh5 Rg5+ 41. Kh6 1/2-1/2

[Event "ch-RUS Blitz 2017"]
[Site "Sochi RUS"]
[Date "2017.10.02"]
[Round "11.20"]
[White "Kezin, Roman"]
[Black "Nechaev, Oleg"]
[Result "1/2-1/2"]
[WhiteTitle "FM"]
[BlackTitle "FM"]
[WhiteElo "2455"]
[BlackElo "2410"]
[WhiteFideId "24124621"]
[BlackFideId "24113409"]
[EventDate "2017.10.02"]
[EventType "blitz"]

1. d4 Nf6 2. c4 c5 3. d5 b5 4. Nf3 g6 5. cxb5 a6 6. bxa6 Bg7 7. Nc3 O-O 8. e4
Qa5 9. a7 Rxa7 10. Bd2 Ra8 11. a4 d6 12. Bd3 Ba6 13. Nb5 Qb6 14. Qc2 Nbd7 15.
O-O Rfb8 16. Bc3 Ne8 17. Bxg7 Kxg7 18. Nd2 Ne5 19. Be2 Nc7 20. f4 Bxb5 21. axb5
Rxa1 22. Rxa1 c4+ 23. Kh1 Qe3 24. fxe5 Qxe2 25. exd6 exd6 26. Qc3+ Kg8 27. Nf3
Qxe4 28. Qf6 Ne8 29. Qg5 f6 30. Qd2 Nc7 31. Re1 Qxd5 32. Qf4 Kf7 33. Qh6 Qh5 34.
Qf4 Qd5 35. Qh6 Qh5 36. Qe3 Re8 37. Qb6 Rxe1+ 38. Nxe1 Qc5 39. Qb7 Ke6 40. b6
Nd5 41. Qxh7 Qf2 42. Nf3 Qf1+ 43. Ng1 Nxb6 44. Qg8+ Kd7 45. Qxg6 Nd5 46. Qf7+
Kc6 47. Qe8+ Kc5 48. Qe4 Qd3 49. Qe1 Nf4 50. Qf2+ Qd4 51. Qf3 Nd3 52. Qf5+ d5
53. Qc8+ Kb4 54. Qb7+ Ka4 55. Qa6+ Kb3 56. Qb5+ Kc2 57. Qa4+ Kxb2 58. h3 Nf2+
59. Kh2 Qe5+ 60. g3 Nd3 61. Qb5+ Kc3 62. Qa6 Kc2 63. Qa4+ Kc1 64. Qd7 Qb2+ 65.
Kh1 Nf2+ 66. Kg2 Ne4+ 67. Kf3 Qf2+ 68. Kg4 Qxg1 69. Qxd5 Qxg3+ 70. Kf5 Qxh3+ 71.
Kf4 Qg3+ 72. Kxe4 Qg2+ 1/2-1/2

[Event "ch-RUS Blitz 2017"]
[Site "Sochi RUS"]
[Date "2017.10.02"]
[Round "11.21"]
[White "Savitskiy, Sergey"]
[Black "Moiseenko, Vadim"]
[Result "0-1"]
[WhiteTitle "IM"]
[BlackTitle "IM"]
[WhiteElo "2412"]
[BlackElo "2558"]
[WhiteFideId "24105660"]
[BlackFideId "4123700"]
[EventDate "2017.10.02"]
[EventType "blitz"]

1. Nf3 Nf6 2. g3 b6 3. Bg2 Bb7 4. O-O e6 5. c4 d5 6. b3 dxc4 7. bxc4 c5 8. Bb2
Be7 9. d3 O-O 10. Nc3 Nc6 11. a4 a5 12. Nd2 Qd7 13. Rb1 Nb4 14. Bxb7 Qxb7 15.
Nf3 Rad8 16. Nb5 Ne8 17. Qb3 Bf6 18. Bxf6 Nxf6 19. Rbd1 Rfe8 20. Ne5 Nh5 21. f4
Nf6 22. e3 Qb8 23. d4 Ne4 24. Qb1 Qb7 25. d5 exd5 26. cxd5 f5 27. Qb3 Nd6 28.
Nxd6 Rxd6 29. Nc4 Rdd8 30. d6 Qf7 31. Rb1 Re4 32. Nxb6 Rxd6 33. Qxf7+ Kxf7 34.
Nc8 Rd8 35. Na7 Rxe3 36. Rbc1 Re2 37. Rf2 Rxf2 0-1

[Event "ch-RUS Blitz 2017"]
[Site "Sochi RUS"]
[Date "2017.10.02"]
[Round "11.22"]
[White "Levin, Evgeny A."]
[Black "Gubsky, Egor"]
[Result "1-0"]
[WhiteTitle "GM"]
[BlackTitle "FM"]
[WhiteElo "2532"]
[BlackElo "2303"]
[WhiteFideId "4182596"]
[BlackFideId "4194055"]
[EventDate "2017.10.02"]
[EventType "blitz"]

1. d4 Nf6 2. Nf3 e6 3. Bg5 h6 4. Bh4 d6 5. h3 Be7 6. Nbd2 c5 7. c3 Nc6 8. e3 O-O
9. Bd3 d5 10. O-O Qc7 11. Bb5 Ne8 12. Bxc6 bxc6 13. Bxe7 Qxe7 14. Nb3 cxd4 15.
cxd4 Rb8 16. Qc2 Rb6 17. Ne5 Bb7 18. Qc5 Qd8 19. Rfc1 f6 20. Nd3 Ba6 21. Nf4 Nc7
22. Na5 Bb5 23. a4 Bc4 24. Nxc4 dxc4 25. Qxc4 Qd6 26. a5 Rxb2 27. Qxc6 Qxc6 28.
Rxc6 e5 29. dxe5 fxe5 30. Nd3 Rd2 31. Rxc7 Rxd3 32. Rxa7 Rd2 33. Rf1 Ra2 34. a6
Rf6 35. Re7 Ra5 36. a7 Rfa6 37. Rc1 Rxa7 38. Rc8+ Kh7 39. Rxa7 Rxa7 40. Rc5 Re7
41. Rc6 Kg8 42. Kh2 Kf7 43. Kg3 Ra7 44. Kf3 Ra2 45. Rb6 Rc2 46. g4 Ra2 47. h4
Rc2 48. h5 Ra2 49. Rb5 Kf6 50. Rb7 Ra4 51. Rb2 Ra3 52. Rc2 Ra4 53. Rd2 Ra6 54.
Rc2 Ra4 55. Rc6+ Kf7 56. Kg3 Rb4 57. Rc7+ Kf6 58. Rc8 Ra4 59. Rf8+ Ke7 60. Rc8
Kf7 61. Rc6 Rb4 62. Rg6 Ra4 63. Kf3 Rb4 64. Rc6 Ra4 65. Rc2 Kf6 66. Kg3 Rb4 67.
Rc6+ Kf7 68. Kf3 Ra4 69. Rg6 Rb4 70. g5 hxg5 71. Rxg5 Kf6 72. Rg6+ Kf7 73. Rg4
Rb1 74. Ke4 Rb4+ 75. Kf5 Rb5 76. e4 Ra5 77. f3 Rb5 78. Rg6 Rb3 79. Rg3 Rb5 80.
Rh3 Ra5 81. h6 gxh6 82. Rxh6 Ra3 83. Rh7+ Kg8 84. Rh3 Kf7 85. Kxe5 1-0

[Event "ch-RUS Blitz 2017"]
[Site "Sochi RUS"]
[Date "2017.10.02"]
[Round "11.23"]
[White "Yuffa, Daniil"]
[Black "Gogolev, Artem"]
[Result "1-0"]
[WhiteTitle "GM"]
[WhiteElo "2527"]
[BlackElo "2408"]
[WhiteFideId "24131423"]
[BlackFideId "4116615"]
[EventDate "2017.10.02"]
[EventType "blitz"]

1. d4 Nf6 2. c4 e6 3. g3 d5 4. Nf3 Be7 5. Bg2 O-O 6. O-O dxc4 7. Qc2 a6 8. a4
Nc6 9. Qxc4 Qd5 10. Qd3 Rd8 11. Nc3 Qf5 12. Qxf5 exf5 13. Rd1 Be6 14. Bg5 Bb3
15. Rdc1 h6 16. Bxf6 Bxf6 17. e3 Rab8 18. Nd2 Na5 19. Ra3 Be6 20. Ne2 Be7 21.
Rd3 c5 22. Nf4 cxd4 23. exd4 Rbc8 24. Re1 Bf6 25. Nxe6 fxe6 26. Rxe6 Bxd4 27.
Bf1 Bxb2 28. Nf3 Rxd3 29. Bxd3 Nc6 30. Bxf5 Nd4 31. Nxd4 Bxd4 32. Rd6 Rc4 33.
Be6+ 1-0